000 00552nam a22001577a 4500
003 NUST
082 _a629.8
100 _aHUSSAIN ,MUZAFFAR
_9122383
245 _aPhysiological Sensing from Facial Videos using Deep Learning /
_cMUZAFFAR HUSSAIN
264 _aIslamabad:
_bSMME- NUST.
_c2021.
300 _a50p. ;
_bSoft Copy,
_c30cm.
650 _aMS Robotics and Intelligent Machine Engineering
_9119486
700 _aSupervisor : DR. HASAN SAJID
_9121640
856 _uhttp://10.250.8.41:8080/xmlui/handle/123456789/25883
942 _2ddc
_cTHE
999 _c608877
_d608877